El movimiento obrero
Saved in:
| Hovedforfatter: | |
|---|---|
| Format: | Bog |
| Sprog: | spansk |
| Udgivet: |
Madrid
ANAYA
1998
|
| Udgivelse: | 3a. ed |
| Serier: | Biblioteca Básica: Historia-Monografías
|
| Fag: | |
| Tags: |
Tilføj Tag
Ingen Tags, Vær først til at tagge denne postø!
|
MARC
| LEADER | 00000nam a2200000 a 4500 | ||
|---|---|---|---|
| 001 | UCH5515 | ||
| 003 | CL-VaPUC | ||
| 008 | 091014e19980000SP |||||||||||||||||spa|d | ||
| 020 | |a 8420748528 | ||
| 082 | 0 | 4 | |a 331.8 |b PIQ |2 21 |
| 100 | 0 | |a Piqueras, José Antonio |e author |9 541804 | |
| 245 | 1 | 3 | |a El movimiento obrero |
| 250 | |a 3a. ed | ||
| 300 | |a 96 p | ||
| 942 | |c BK | ||
| 945 | |d 20091014 00:00:00 |a ccalabra | ||
| 260 | |a Madrid |b ANAYA |c 1998 | ||
| 650 | 0 | |a Historia universal |9 266877 | |
| 650 | 0 | |a Clase obrera |9 317035 | |
| 650 | 0 | |a Socialismo |9 255260 | |
| 650 | 0 | |a Capitalismo |9 255255 | |
| 650 | 7 | |a SINDICALISMO |2 CL-VaPUC |9 541805 | |
| 650 | 7 | |a REFORMA SOCIAL |2 CL-VaPUC |9 338237 | |
| 650 | 0 | |a Desigualdad social |9 349409 | |
| 583 | |a last modification |c 20091014 00:00:00 |k Rodrigo Vera | ||
| 490 | 0 | |a Biblioteca Básica: Historia-Monografías | |
| 999 | |c 336645 |d 336643 | ||